LEADER 00976nam a2200265 a 4500 001 000000126260 003 CaOOAMICUS 005 20110908151859.0 008 110908s2011 it e 000 0 ita r 040 $aPUL$bita 082 04$a853 100 1 $aParrella, Valeria.$0(OLS)http://pul/name/80303 245 10$aBehave /$cValeria Parrella. 260 $aMilano :$bR.C.S. Quotidiani,$c©2011. 300 $a60 p. ;$c18 cm 490 1 $aInediti d'autore ;$v18 500 $aEd. speciale per Corriere della Sera. 830 0$aInediti d'autore ;$v18.$0(OLS)http://pul/title/159119 850 $aPUL 852 $aPUL$W1$xDP2 Cons. Gen., Altre Classi 3$y97$m853 COLL 2.18$j145626$qDDC 21$B144486$CPULBib$Z2$F144486 $H117943 $82 941 1 $a9 996 $6082$a853$9(OLS)http://pul/classification/1915 996 $6245$aBehave$9(OLS)http://pul/title/159434 996 $6260$aMilano :$bR.C.S. Quotidiani$9(OLS)http://pul/publisher/79195 LEADER 01361nam a2200265 a 4500 001 000000166226 003 CaOOAMICUS 005 20180226144112.0 008 180226s1932 xxu 000 u eng r 032 $aLibriCat 040 $aPUL$bita 100 1 $aJaeger, Leo Arnold.$0(OLS)http://pul/name/107178 245 14$aThe administration of vacant and quasi-vacant dioceses in the United States :$bhistorical synopsis of general legislation and cammentary /$cLeo Arnold Jaeger. 260 $aWashington, D.C. :$bThe Catholic University of America,$c1932. 300 $axi, 236 p. ;$c24 cm. 502 $aTesi. The Catholic University of America. Canon Law Studies. 1932. 504 $aBibliografia in nota a pič pagina. 650 04$aSinodi diocesani.$0(OLS)http://pul/subject/19763 710 2 $aCatholic University of America.$kTesi.$0(OLS)http://pul/name/106692 850 $aPUL 852 $aPUL$W1$xDP1 Tesi Univ. Washington$y50$mTH WAS 273$j190745$qTesi$B193636$CPULBib$Z2$F193636 $H4688 $81 941 1 $a16 996 $6245$aThe administration of vacant and quasi-vacant dioceses in the United States :$bhistorical synopsis of general legislation and cammentary$9(OLS)http://pul/title/205942 996 $6260$aWashington, D.C. :$bThe Catholic University of America$9(OLS)http://pul/publisher/62694